Leaving Microsoft to change the world : an entrepreneur's odyssey to educate the world's children /

Bibliographic Details
Main Author: Wood, John, 1964 January 29-
Format: Book
Language:English
Published: New York : Collins, [2006]
Subjects:

MARC

Tag First Indicator Second Indicator Subfields
LEADER 00000pam a22000004a 4500
001 in00002201321
005 20151104095342.0
008 060203s2006 nyua 001 0 eng
010 |a  2006041601 
019 |a 71334384 
020 |a 006112107X 
024 3 |a 9780061121074 
029 1 |a IG#  |b 006112107X 
029 1 |a YDXCP  |b 2420912 
035 |a (OCoLC)ocm63705891 
035 |a (OCoLC)63705891  |z (OCoLC)71334384 
040 |a DLC  |c DLC  |d IG#  |d BAKER  |d GK8  |d SXP  |d IXA  |d VP@  |d YDXCP  |d YBM  |d UtOrBLW 
042 |a pcc 
043 |a az-----  |a as----- 
049 |a TXAM 
050 0 0 |a LC5148.S64  |b W66 2006 
082 0 0 |a 370.917340954  |2 22 
100 1 |a Wood, John,  |d 1964 January 29- 
245 1 0 |a Leaving Microsoft to change the world :  |b an entrepreneur's odyssey to educate the world's children /  |c John Wood. 
264 1 |a New York :  |b Collins,  |c [2006] 
264 4 |c ©2006 
300 |a vi, 266 pages :  |b illustrations ;  |c 24 cm. 
336 |a text  |b txt  |2 rdacontent 
337 |a unmediated  |b n  |2 rdamedia 
338 |a volume  |b nc  |2 rdacarrier 
500 |a Includes index. 
505 0 |a Discovering Nepal; leaving Microsoft -- "Perhaps, Sir, you will someday come back with books" -- An idea burns by candlelight -- You need to get home soon! -- Woody and john's excellent adventure -- Debating a radical change -- Lonely in a city of 12 million strangers -- Gates in China -- Walking away -- Starting over -- The start-up years: an object in motion remains in motion -- Making the ask - Expansion beyond Nepal -- A postcard from Nepal -- What every entrepreneur needs: a strong second-in-command -- September 11 -- Building "the Microsoft of nonprofits" -- Building the network -- You life is a mess -- Hitting our stride -- Putting girls in the place-school! -- "Count me in Don" -- The students of Cambodia - The network goes into overdrive -- Democracy in action in India -- The Tsunami -- The millionth book -- The next chapter of my adult life. 
650 0 |a Education, Rural  |z South Asia  |v Case studies. 
650 0 |a Education, Rural  |z Southeast Asia  |v Case studies. 
610 2 0 |a Room to Read (Organization) 
600 1 0 |a Wood, John,  |d 1964 January 29- 
938 |a Ingram  |b INGR  |n 006112107X 
938 |a Baker & Taylor  |b BKTY  |c 25.95  |d 19.46  |i 006112107X  |n 0006731999  |s active 
938 |a YBP Library Services  |b YANK  |n 2420912 
945 |a PromptCat 
946 |a stk 
947 |a A14835023852 
994 |a 92  |b TXA 
948 |a cataloged  |b h  |c 2006/12/10  |d c  |e rbarron  |f 4:49:06 pm 
999 |a MARS 
999 f f |s 17f2526e-fd6f-3567-bb9c-a0835e1b520c  |i f3d954fc-12da-33ff-a60d-808a87b68768  |t 0 
952 f f |p normal  |a Texas A&M University  |b College Station  |c Sterling C. Evans Library  |d Evans: Library Stacks  |t 0  |e LC5148.S64 W66 2006  |h Library of Congress classification  |i unmediated -- volume  |m A14835023852 
998 f f |a LC5148.S64 W66 2006  |t 0  |l Evans: Library Stacks